[Event "Dhaka Metropolis op U2100"]
[Site "Dhaka"]
[Date "2022.10.22"]
[Round "6"]
[White "Ahmed, Feroz"]
[Black "Al Shahid, Abul Kashem"]
[Result "1/2-1/2"]
[WhiteElo "2005"]
[BlackElo "1665"]
[PlyCount "20"]
[EventDate "2022.10.17"]
[EventType "swiss"]
[EventRounds "9"]
[EventCountry "BAN"]
[SourceTitle "EXT 2024"]
[Source "ChessBase"]
[SourceDate "2023.10.10"]
[SourceVersion "1"]
[SourceVersionDate "2023.10.10"]
[SourceQuality "1"]

1. e4 e6 2. g3 c6 3. Bg2 Nf6 4. Nf3 d5 5. 0-0 Be7 6. b3 0-0 7. Bb2 Nbd7 8. d4 Nb6 9. Nfd2 h6 10. Qe2 a5 1/2-1/2

[Event "Dhaka Walton op"]
[Site "Dhaka"]
[Date "2022.04.04"]
[Round "1"]
[White "Rahman, Ziaur"]
[Black "Al Shahid, Abul Kashem"]
[Result "1-0"]
[WhiteElo "2427"]
[BlackElo "1692"]
[PlyCount "87"]
[EventDate "2022.04.04"]
[EventType "swiss"]
[EventRounds "9"]
[EventCountry "BAN"]
[SourceTitle "CBM 207 Extra"]
[Source "ChessBase"]
[SourceDate "2022.05.31"]
[SourceVersion "1"]
[SourceVersionDate "2022.05.31"]
[SourceQuality "1"]

1. d4 d5 2. Nf3 Nf6 3. c4 e6 4. g3 c6 5. Bg2 Nbd7 6. 0-0 Be7 7. Qc2 h6 8. Nbd2 a6 9. e4 dxc4 10. Nxc4 b5 11. Ne3 Bb7 12. Rd1 Qb6 13. b3 Rc8 14. Bb2 a5 15. Rac1 0-0 16. g4 c5 17. d5 exd5 18. e5 Nh7 19. Nxd5 Qe6 20. Nxe7+ Qxe7 21. Qf5 Rcd8 22. Ne1 Bxg2 23. Nxg2 Ng5 24. f4 g6 25. Qc2 Ne6 26. Rd6 Ng7 27. Rcd1 Ne8 28. R6d3 c4 29. bxc4 bxc4 30. Qxc4 Nb6 31. Qb5 Rxd3 32. Qxd3 Qc5+ 33. Kh1 Qc4 34. Ba3 Qxa2 35. Bxf8 Kxf8 36. Qc3 Nc4 37. Ra1 Qe2 38. Re1 Qa2 39. f5 gxf5 40. gxf5 Ng7 41. e6 Nxf5 42. Qf6 Ncd6 43. e7+ Ke8 44. Qh8+ 1-0

[Event "Dhaka Bangabandhu op-B"]
[Site "Dhaka"]
[Date "2021.03.11"]
[Round "3"]
[White "Rahman, Ataur1111"]
[Black "Al Shahid, Abul Kashem"]
[Result "1-0"]
[WhiteElo "1865"]
[BlackElo "1701"]
[PlyCount "57"]
[EventDate "2021.03.09"]
[EventType "swiss"]
[EventRounds "9"]
[EventCountry "BAN"]
[SourceTitle "CBM 201 Extra"]
[Source "ChessBase"]
[SourceDate "2021.05.31"]
[SourceVersion "1"]
[SourceVersionDate "2021.05.31"]
[SourceQuality "1"]

1. e4 e6 2. d4 d6 3. Bd3 c6 4. Nf3 h6 5. c4 Nd7 6. Nc3 Be7 7. 0-0 b6 8. a4 Bb7 9. Re1 c5 10. d5 e5 11. Ne2 Ndf6 12. Ng3 Bc8 13. Bd2 a5 14. Qe2 g6 15. h3 Bd7 16. b3 Qc8 17. Bc3 Rb8 18. Rad1 Nh7 19. Nxe5 dxe5 20. Bxe5 f6 21. Bxb8 Qxb8 22. e5 Qxe5 23. Bxg6+ Kf8 24. Qd3 Qd4 25. Bxh7 Qxd3 26. Bxd3 Bd6 27. Bf5 Bxg3 28. Bxd7 Rh7 29. Be6 1-0

[Event "Dhaka Saarc op"]
[Site "Dhaka"]
[Date "2019.12.01"]
[Round "7"]
[White "Mowla, Khondakar Nazre"]
[Black "Al Shahid, Abul Kashem"]
[Result "1-0"]
[WhiteElo "1864"]
[BlackElo "1692"]
[PlyCount "73"]
[EventDate "2019.11.25"]
[EventType "swiss"]
[EventRounds "9"]
[EventCountry "BAN"]
[SourceTitle "CBM 193 Extra"]
[Source "ChessBase"]
[SourceDate "2020.01.31"]
[SourceVersion "1"]
[SourceVersionDate "2020.01.31"]
[SourceQuality "1"]

1. d4 d5 2. c4 e6 3. Nc3 c6 4. Nf3 Nf6 5. Bg5 Be7 6. e3 Nbd7 7. Bd3 dxc4 8. Bxc4 Nd5 9. Bxe7 Qxe7 10. 0-0 Qb4 11. Qb3 Qxb3 12. Bxb3 Nxc3 13. bxc3 0-0 14. Rac1 a6 15. c4 Nf6 16. Ne5 Ne4 17. Rfd1 Nf6 18. f3 g6 19. e4 Kg7 20. Kf2 Rd8 21. Ke3 Bd7 22. a4 Be8 23. a5 Rab8 24. c5 Nd7 25. Nc4 Nf6 26. Ba4 Rbc8 27. Rb1 Rc7 28. Rb2 Bd7 29. Nd6 Ne8 30. Nxb7 Rb8 31. Rdb1 Kf8 32. Nd6 Rxb2 33. Rxb2 Ke7 34. Nxe8 Bxe8 35. Rb6 Ra7 36. Bxc6 Bxc6 37. Rxc6 1-0

[Event "Dhaka Saarc op"]
[Site "Dhaka"]
[Date "2019.11.28"]
[Round "4"]
[White "Al Shahid, Abul Kashem"]
[Black "Md Jamal, Uddin"]
[Result "0-1"]
[WhiteElo "1692"]
[BlackElo "2064"]
[PlyCount "44"]
[EventDate "2019.11.25"]
[EventType "swiss"]
[EventRounds "9"]
[EventCountry "BAN"]
[SourceTitle "CBM 193 Extra"]
[Source "ChessBase"]
[SourceDate "2020.01.31"]
[SourceVersion "1"]
[SourceVersionDate "2020.01.31"]
[SourceQuality "1"]

1. e4 c5 2. Nf3 e6 3. d4 cxd4 4. Nxd4 a6 5. Bd3 Qc7 6. 0-0 Nc6 7. Nxc6 bxc6 8. Nc3 Nf6 9. Be3 d5 10. exd5 cxd5 11. Bg5 Be7 12. Re1 0-0 13. Qe2 Bb7 14. Bxf6 Bxf6 15. Qh5 g6 16. Qh6 Bg7 17. Qh3 e5 18. Bf1 Rfe8 19. Qd3 Rad8 20. Rab1 e4 21. Qg3 Be5 22. Qh3 d4 0-1

[Event "Dhaka Walton op 07"]
[Site "Dhaka"]
[Date "2018.07.09"]
[Round "6"]
[White "Al Shahid, Abul Kashem"]
[Black "Kazi Fujayel, Ahmed"]
[Result "1-0"]
[WhiteElo "1824"]
[BlackElo "1717"]
[PlyCount "71"]
[EventDate "2018.07.04"]
[EventType "swiss"]
[EventRounds "9"]
[EventCountry "BAN"]
[SourceTitle "EXT 2019"]
[Source "ChessBase"]
[SourceDate "2018.10.10"]
[SourceVersion "1"]
[SourceVersionDate "2018.10.10"]
[SourceQuality "1"]

1. d4 Nf6 2. c4 e6 3. Nc3 Bb4 4. Bd2 d5 5. e3 0-0 6. Nf3 c5 7. a3 Bxc3 8. Bxc3 Ne4 9. Bd3 Nxc3 10. bxc3 cxd4 11. cxd4 Qa5+ 12. Qd2 Qxd2+ 13. Nxd2 dxc4 14. Nxc4 Rd8 15. Be4 f5 16. Bf3 Na6 17. 0-0 Nc7 18. Rfc1 Nd5 19. Ne5 b6 20. Nc6 Rd7 21. Ne5 Rd8 22. Rc6 Re8 23. Rac1 Ba6 24. Rxe6 Red8 25. h3 Bb7 26. Bxd5 Bxd5 27. Re7 Re8 28. Rec7 h5 29. Ng6 Be4 30. f3 Bd3 31. Kf2 Kh7 32. Nf4 Ba6 33. Nxh5 Kg6 34. g4 fxg4 35. hxg4 Rac8 36. Rxg7+ 1-0

[Event "Dhaka Walton op"]
[Site "Dhaka"]
[Date "2018.05.29"]
[Round "4"]
[White "Rahman, Syed Mahfuzur"]
[Black "Al Shahid, Abul Kashem"]
[Result "1-0"]
[WhiteElo "2188"]
[BlackElo "1808"]
[PlyCount "68"]
[EventDate "2018.05.26"]
[EventType "swiss"]
[EventRounds "9"]
[EventCountry "BAN"]
[SourceTitle "CBM 184 Extra"]
[Source "ChessBase"]
[SourceDate "2018.06.28"]
[SourceVersion "1"]
[SourceVersionDate "2018.06.28"]
[SourceQuality "1"]

1. d4 Nf6 2. c4 d5 3. cxd5 Nxd5 4. e4 Nf6 5. Nc3 e6 6. Bg5 Be7 7. Nf3 c6 8. Bd3 h6 9. Bxf6 Bxf6 10. e5 Be7 11. 0-0 Nd7 12. Qe2 Nb6 13. g3 Nd5 14. Ne4 0-0 15. Rac1 a5 16. a3 Bd7 17. Bb1 f5 18. exf6 Bxf6 19. Qd3 Be7 20. Ne5 Be8 21. Nc5 Nf6 22. Nxe6 Qd5 23. Nc7 Qd8 24. Ba2+ Nd5 25. Nxa8 Qxa8 26. Rfe1 Bd6 27. Bb1 Nf6 28. Nc4 Qd8 29. Re6 Bb8 30. Ne5 Bxe5 31. dxe5 Qxd3 32. Bxd3 Nd7 33. Bc4 Kf7 34. Rd6+ Ke7 1-0

[Event "Dhaka IRT U2000"]
[Site "Dhaka"]
[Date "2018.02.21"]
[Round "8"]
[White "Md Arafat, Rahman"]
[Black "Al Shahid, Abul Kashem"]
[Result "1-0"]
[WhiteElo "1987"]
[BlackElo "1828"]
[PlyCount "47"]
[EventDate "2018.02.14"]
[EventType "swiss"]
[EventRounds "9"]
[EventCountry "BAN"]
[SourceTitle "EXT 2024"]
[Source "ChessBase"]
[SourceDate "2023.10.10"]
[SourceVersion "1"]
[SourceVersionDate "2023.10.10"]
[SourceQuality "1"]

1. Nf3 e6 2. d4 d5 3. c4 c6 4. e3 Nf6 5. Nc3 Bb4 6. a3 Bxc3+ 7. bxc3 0-0 8. Qc2 Ne4 9. Bd3 f5 10. cxd5 exd5 11. 0-0 Nd7 12. Rb1 Kh8 13. Bb2 b5 14. a4 a6 15. Ra1 Bb7 16. Ne5 Nxe5 17. dxe5 bxa4 18. f3 Nc5 19. f4 Ne4 20. Ba3 Re8 21. Rab1 Qd7 22. Bxe4 dxe4 23. Qxa4 a5 24. Bd6 1-0